000 00449nam a2200181Ia 4500
008 210210b2006 xxu||||| |||| 00| 0 eng d
020 _a0521695597
041 _aeng
082 _a320.01 OHEP
100 _aOHEAR (Anthony) Ed
245 _aPolitical philosophy
260 _aCambridge
_bCambridge University Press
_c2006
300 _avii-246
650 _aPolitical
650 _aphilosophy
690 _aPolitical Theory
906 _a066173
999 _c146547
_d146547